| 000 | 00391nam a2200145Ia 4500 | ||
|---|---|---|---|
| 008 | 230917s9999||||xx |||||||||||||| ||und|| | ||
| 040 |
_e85832 _aMAIN |
||
| 041 | _aEnglish | ||
| 082 | _a658.05425 L522M | ||
| 100 | _aLeffingwell, Dean | ||
| 245 | 0 | _aManaging software requirements: A unified approach | |
| 260 |
_aSingapore _bAddison-Wesley _c2001 |
||
| 300 | _axxix, 491 p. | ||
| 942 | _cBK | ||
| 999 |
_c112535 _d112535 |
||